000 00674nam a2200253Ia 4500
003 OSt
005 20220918202604.0
006 a|||||r|||| 00| 0
007 ta
008 220917b |||||||| |||| 00| 0 eng d
024 _a102,366
037 _cTextual
040 _aARTS
_cARTS
_beng
041 _2eng
_aeng
082 _aV251:51.M57, L7
100 _aLlewellyn Alexender
_9104472
245 0 _aSiger of Delhi
260 _aLondon
_bMacdonald and Jane's
_c1977
300 _avi, 182p.
_ccm.
500 _aBibliography p173--176
650 _aHISTORY
942 _hV251:51.M57, L7
_cTEXL
_2CC
999 _c225820
_d225820